书目信息 |
| 题名: |
席夫碱类复合吸波材料
|
|
| 作者: | 刘崇波 著 | |
| 分册: | ||
| 出版信息: | 北京 冶金工业出版社 2018.10 |
|
| 页数: | 321页 | |
| 开本: | 24cm | |
| 丛书名: | 南昌航空大学学术文库 | |
| 单 册: | ||
| 中图分类: | O625.63 | |
| 科图分类: | ||
| 主题词: | 席夫碱--xi fu jian--吸波材料 | |
| 电子资源: | ||
| ISBN: | 978-7-5024-7942-8 | |
| 000 | 01245nam 2200277 450 | |
| 001 | 0100010432 | |
| 005 | 20190905093951.0 | |
| 010 | @a978-7-5024-7942-8@dCNY79.00 | |
| 100 | @a20190901d2018 em y0chiy50 ea | |
| 101 | 0 | @achi |
| 102 | @aCN@b110000 | |
| 105 | @aak a 000yy | |
| 106 | @ar | |
| 200 | 1 | @a席夫碱类复合吸波材料@Axi fu jian lei fu he xi bo cai liao@d= Schiffbase composite electromagnetic wave absorbing materials@f刘崇波著@zeng |
| 210 | @a北京@c冶金工业出版社@d2018.10 | |
| 215 | @a321页@c图@d24cm | |
| 225 | 2 | @a南昌航空大学学术文库@Anan chang hang kong da xue xue shu wen ku |
| 320 | @a有书目 | |
| 330 | @a本书共分为5章。第1章绪论, 介绍隐身及吸波材料的应用、吸波材料的分类等 ; 第2章介绍长链共轭聚Schiff碱及其盐的制备和吸波性能 ; 第3章介绍手性聚Schiff碱复合吸波材料的制备与性能研究 ; 第4章介绍手性单胺类Schiff碱及配合物的合成与复合材料的性能研究 ; 第5章介绍二茂铁基手性聚Schiff碱的合成及复合吸波材料的性能研究。 | |
| 410 | 0 | @12001 @a南昌航空大学学术文库 |
| 510 | 1 | @aSchiffbase composite electromagnetic wave absorbing materials@zeng |
| 606 | 0 | @a席夫碱@Axi fu jian@x吸波材料 |
| 690 | @aO625.63@v5 | |
| 701 | 0 | @a刘崇波@Aliu chong bo@4著 |
| 801 | 0 | @aCN@c20190905 |
| 905 | @a河南城建学院图书馆@dO625.63@eL590 | |
| 席夫碱类复合吸波材料= Schiffbase composite electromagnetic wave absorbing materials/刘崇波著.-北京:冶金工业出版社,2018.10 |
| 321页:图;24cm.-(南昌航空大学学术文库) |
| ISBN 978-7-5024-7942-8:CNY79.00 |
| 本书共分为5章。第1章绪论, 介绍隐身及吸波材料的应用、吸波材料的分类等 ; 第2章介绍长链共轭聚Schiff碱及其盐的制备和吸波性能 ; 第3章介绍手性聚Schiff碱复合吸波材料的制备与性能研究 ; 第4章介绍手性单胺类Schiff碱及配合物的合成与复合材料的性能研究 ; 第5章介绍二茂铁基手性聚Schiff碱的合成及复合吸波材料的性能研究。 |
| ● |
| 相关链接 |
|
|
|
正题名:席夫碱类复合吸波材料
索取号:O625.63/L590
 
预约/预借
| 序号 | 登录号 | 条形码 | 馆藏地/架位号 | 状态 | 备注 |
| 1 | 1438172 | 214381729 | 自科库401/401自科库 63排6列3层/ [索取号:O625.63/L590] | 在馆 | |
| 2 | 1438173 | 214381738 | 自科库401/401自科库 63排6列3层/ [索取号:O625.63/L590] | 在馆 |